Teoría de la organización: un enfoque estratégico
Saved in:
| Main Authors: | , , |
|---|---|
| Format: | Bog |
| Sprog: | spansk |
| Udgivet: |
Madrid
Pearson Educación
2003
|
| Udgivelse: | 6a. ed |
| Fag: | |
| Tags: |
Tilføj Tag
Ingen Tags, Vær først til at tagge denne postø!
|
MARC
| LEADER | 00000nam a2200000 a 4500 | ||
|---|---|---|---|
| 001 | UCK3191 | ||
| 003 | CL-VaPUC | ||
| 008 | 050415e20030000SP |||||||||||||||||spa|d | ||
| 020 | |a 8420538949 | ||
| 082 | 0 | 4 | |a 658.1 |b HOD |2 21 |
| 100 | |a Hodge, Billy J |e author |9 310090 | ||
| 700 | 0 | |a Anthony, William P |e author |9 491201 | |
| 700 | 0 | |a Gales, Lawrence M |e author |9 491202 | |
| 245 | 1 | 0 | |a Teoría de la organización: un enfoque estratégico |
| 250 | |a 6a. ed | ||
| 300 | |a 463 p | ||
| 942 | |c BK | ||
| 945 | |d 20050415 00:00:00 |a cmena | ||
| 260 | |a Madrid |b Pearson Educación |c 2003 | ||
| 650 | 0 | |a Administración de empresas |9 260833 | |
| 650 | 0 | |a Planificación estratégica |9 259735 | |
| 650 | 0 | |a Estructura organizacional |9 390800 | |
| 650 | 0 | |a Toma de decisiones |9 257530 | |
| 650 | 0 | |a Competitividad |9 308495 | |
| 583 | |a last modification |c 20160311 23:29:24 |k Rodrigo Vera | ||
| 999 | |c 312455 |d 312453 | ||
| 952 | |0 0 |1 0 |4 0 |6 658_100000000000000_HOD_2003 |7 0 |8 R |9 382841 |a BIBGIM |b BIBGIM |d 2019-11-21 |i 4113497 |o 658.1 HOD 2003 |p 4113497 |r 2025-01-15 |w 2019-11-21 |y BK_R |k COM | ||
| 952 | |0 0 |1 0 |4 0 |6 658_100000000000000_HOD_2003 |7 0 |8 R |9 382842 |a BIBGIM |b BIBGIM |d 2019-11-21 |i 4113500 |o 658.1 HOD 2003 |p 4113500 |r 2025-01-15 |w 2019-11-21 |y BK_R |k COM | ||
| 952 | |0 0 |1 0 |4 0 |6 658_100000000000000_HOD_2003 |7 0 |8 R |9 382843 |a BIBGIM |b BIBGIM |d 2019-11-21 |i 4113527 |o 658.1 HOD 2003 |p 4113527 |r 2025-01-15 |w 2019-11-21 |y BK_R |k COM | ||
| 952 | |0 0 |1 0 |4 0 |6 658_100000000000000_HOD_2003 |7 0 |8 R |9 382844 |a BIBGIM |b BIBGIM |d 2019-11-21 |i 437617K |o 658.1 HOD 2003 |p 437617K |r 2025-01-15 |w 2019-11-21 |y BK_R |k COM | ||
| 952 | |0 0 |1 0 |4 0 |6 658_100000000000000_HOD_2003 |7 0 |8 R |9 382845 |a BIBGIM |b BIBGIM |d 2019-11-21 |i 4376188 |o 658.1 HOD 2003 |p 4376188 |r 2025-01-15 |w 2019-11-21 |y BK_R |k COM | ||
| 952 | |0 0 |1 0 |4 0 |6 658_100000000000000_HOD_2003 |7 0 |8 R |9 382846 |a BIBGIM |b BIBGIM |d 2019-11-21 |i 4376196 |o 658.1 HOD 2003 |p 4376196 |r 2025-01-15 |w 2019-11-21 |y BK_R |k COM | ||
| 952 | |0 0 |1 0 |4 0 |6 658_100000000000000_HOD_2003 |7 0 |8 R |9 382847 |a BIBGIM |b BIBGIM |d 2019-11-21 |i 437620K |o 658.1 HOD 2003 |p 437620K |r 2025-01-15 |w 2019-11-21 |y BK_R |k COM | ||
| 952 | |0 0 |1 0 |4 0 |6 658_100000000000000_HOD_2003 |7 0 |8 R |9 382848 |a BIBGIM |b BIBGIM |d 2019-11-21 |i 4376218 |o 658.1 HOD 2003 |p 4376218 |r 2025-01-15 |w 2019-11-21 |y BK_R |k COM | ||
| 952 | |0 0 |1 0 |4 0 |6 658_100000000000000_HOD_2003 |7 0 |8 R |9 382849 |a BIBGIM |b BIBGIM |d 2019-11-21 |i 4386868 |o 658.1 HOD 2003 |p 4386868 |r 2025-01-15 |w 2019-11-21 |y BK_R |k COM | ||
| 952 | |0 0 |1 0 |4 0 |6 658_100000000000000_HOD_2003 |7 0 |8 R |9 382850 |a BIBGIM |b BIBGIM |d 2019-11-21 |i 4386876 |o 658.1 HOD 2003 |p 4386876 |r 2025-01-15 |w 2019-11-21 |y BK_R |k COM | ||
| 952 | |0 0 |1 0 |4 0 |6 658_100000000000000_HOD_2003 |7 0 |8 R |9 382851 |a BIBGIM |b BIBGIM |d 2019-11-21 |i 4386884 |o 658.1 HOD 2003 |p 4386884 |r 2025-01-15 |w 2019-11-21 |y BK_R |k COM | ||